Представление документа в формате RUSMARC

ПолеНазваниеЗначение
  Тип записи a
  Библиографический уровень m
001 Контрольный номер RU/CBS_UL/BASE/595611096
005 Дата корректировки 20240209174850.4
010 Индекс ISBN __
d Цена 38 р. 00 к.
9 Тираж экз.
100 Данные общей обработки __
a Данные общей обработки 20181115d2018 ||| 0rusy0189 ca
101 Язык документа 0_
a Язык текста rus
102 Страна публикации __
a Страна публикации RU
105 Кодированные данные (монография) __
a Кодированные данные (монография) y###||||000|y
200 Заглавие и сведения об ответственности 1_
a Заглавие ВИЧ-инфекция
b Общее обозначение материала Текст
e Сведения, относящиеся к заглавию клиника, диагностика, лечение
f Первые сведения об ответственности Ю. В. Лобзин, К. В. Жданов, В. Л. Пастушенков
210 Выходные данные 1_
a Место издания Санкт-Петербург
c Издательство Фолиант
d Дата издания 2003
215 Физическое описание __
a Объем 135 с.
d Формат см.
225 Серия 0_
a Серия Актуальные инфекции
300 Общие примечания __
a Общие примечания Ограничения по возрасту - 18+
300 Общие примечания __
a Общие примечания Под инв. номером 124563: 28-1
606 Тематические рубрики 0_
a Основная рубрика СПИД
610 Ключевые слова 0_
a Ключевые слова ВИЧ
a Ключевые слова СПИД
a Ключевые слова диагностика болезней
a Ключевые слова диспансеризация
a Ключевые слова антиретровирусная терапия
a Ключевые слова профилактические мероприятия
a Ключевые слова инфекционные болезни
686 Индексы других классификаций __
a Классификационный индекс 55.148
2 Код системы ББК
700 Автор _1
a Фамилия Лобзин
b Имя (инициалы) Юрий Владимирович
g Полное личное имя Ю. В.
701 Альтернативная интеллектуальная ответственность _1
a Фамилия Жданов
b Имя (инициалы) К. В.
701 Альтернативная интеллектуальная ответственность _1
a Фамилия Пастушенков
b Имя (инициалы) В. Л.
801 Источник записи _0
a Страна RU
b Организация МБУК ЦБС
c Дата составления 20181115
g Правила каталогизации RCR
801 Источник записи _1
a Страна RU
b Организация МБУК ЦБС г. Ульяновска
c Дата составления 20181115
g Правила каталогизации RCR
899 Данные о местонахождении __
i Авторский знак Л 68
j Расстановочный фильтр 55.1
901 Тип документа __
t Тип документа m
910 Корректоры записи __
a Корректор записи Хисамова